| 000 | 00689nam a22002297i 4500 | ||
|---|---|---|---|
| 003 | URS | ||
| 005 | 20220117120623.0 | ||
| 008 | 180508b xxu||||| |||| 00| 0 eng d | ||
| 040 |
_erda _cURS _beng |
||
| 050 |
_aTX928 _b.M37 2008 |
||
| 100 | _aJones, Thomas J.A. | ||
| 245 |
_aProfessional management of housekeeping operations / _cThomas J.A. Jones. -- |
||
| 250 | _aFifth edition. -- | ||
| 264 | 1 |
_aHoboken, N.J. : _bJohn Wiley, _c2008. |
|
| 300 |
_a477 pages : _billustrations ; _c29 cm |
||
| 336 |
_atext _btxt _2rdacontent |
||
| 337 |
_aunmediated _bn _2rdamedia |
||
| 338 |
_avolume _bnc _2rdacarrier |
||
| 500 | _aincludes index. | ||
| 650 | _aHotel housekeeping. | ||
| 942 |
_2lcc _cFR |
||
| 999 |
_c5026 _d5026 |
||